000 00364 a2200121 4500
001 ART_30426
005 20260410162004.0
008 260409a
245 1 0 _aImposición del petróleo crudo y sus derivados
100 1 _aArtana, Daniel
700 1 _aSalinardi, Mario A.
773 0 _tBoletín Informativo ASAP
_g- Nº 10 (oct. 1983)
_wREV30391
999 _c31512
_d31512